000 00327nam a2200133Ia 4500
008 220217s9999||||xx |||||||||||||| ||und||
082 _a025.34 DEW
100 _aDawey, Melvil
245 0 _aDewe decimal clasiffication: schedule
250 _a20th
260 _aPorest press
_c1989
300 _b2049
650 _aOTHERS
999 _c166156
_d166156